000 nam a22 7a 4500
999 _c8217
_d8217
008 171212b xxu||||| |||| 00| 0 eng d
100 _94643
_aTYAGI.P.V
245 _aPHYSICS EXAM GURUCBSE -XII
260 _aNEW DELHI
_bFULL MARKS
_c2017-18